Guide to effective coaching : principles & practice

में बचाया:
ग्रंथसूची विवरण
स्वरूप: पुस्तक
भाषा:Vietnamese
प्रकाशित: WCB McGraw-Hill 1993
टैग : टैग जोड़ें
कोई टैग नहीं, इस रिकॉर्ड को टैग करने वाले पहले व्यक्ति बनें!
Thư viện lưu trữ: Mạng thư viện Đại học Đà Nẵng
LEADER 00617nam a2200241 4500
001 000022081
003 18529
005 20150424140457.0
008 150424s1993 viesd
020 |c 00 
041 0 |a vie 
082 1 4 |a 796,077  |b Gu-E 
245 1 0 |a Guide to effective coaching : principles & practice  |c Billie J. Jones .. [et al.] 
260 |b WCB McGraw-Hill  |c 1993 
300 |a tr.  |c cm. 
OWN |a LSP 
999 |a From the UDN01 
TYP |a Monograph 
TYP |a Printed language 
980 |a Mạng thư viện Đại học Đà Nẵng